• 首页
  • 本馆介绍
  • 公告通知
  • 最新文献
  • 馆藏检索
  • 电子资源
  • 读者导购
  • 参考咨询
  • 我的图书馆
  • 登录
  • 详细信息显示
  • 放入我的书架
  • 预约/预借图书
  • 作者相关作品
  • 分类相关作品
  • 丛书相关作品
  • 出版社相关作品

书目信息

  • 表格格式
  • 工作单格式
  • 卡片格式
题名:
计算机与社会主义
    
 
作者: Botington , 博丁顿 著 ;杨孝敏 译
分册:  
出版信息: 北京   华夏出版社  1989.4
页数: 259页
开本: 20厘米
丛书名: 二十世纪文库
单 册:
中图分类: F224-39
科图分类:
主题词: 经济--计算 , 经济数学--方法
电子资源:
ISBN: 7-80053-417-0
000 01099nam0 2200313 45
001 0189028834
005 20040425142019.2
010    @a7-80053-417-0@dCNY4.70
020    @aCN@b89028834
100    @a19911017d1989 m y0chiy0120 ea
101 0  @achi
102    @aCN@b110000
105    @am y 000zy
200 10 @a计算机与社会主义@Aji suan ji yu she hui zhu yi@f(英)博丁顿(Botington,S.)著@F( ying ) bo ding dun (Botington,S.) zhu@g杨孝敏等译
210    @a北京@c华夏出版社@d1989.4
215    @a259页@d20厘米
225 2  @a二十世纪文库@f邓朴方主编
300    @a书名原文:Computers and sociolism
330    @a本书讲的是计算机革命对经济和社会方面产生的影响,分析了计算机的出现如何对市场经济和计划经济的变化趋势产生作用的。书后附数学附录。
410  0 @120010@a二十世纪文库
540 1  @a计算机 社会主义@Aji suan ji she hui zhu yi
606 0  @a经济@x计算
606 0  @a经济数学@x方法
690    @aF224-39
701 A1 @aBotington@bS.@4著
701  1 @a博丁顿@Abo ding dun@bS.@4著
702  0 @a杨孝敏@Ayang xiao min@4译
801  0 @aCN@bNLC@c19911017
905    @f1@b257604@dF224-39@e103
    
    计算机与社会主义/(英)博丁顿(Botington,S.)著/杨孝敏等译.-北京:华夏出版社,1989.4
    259页;20厘米.-(二十世纪文库/邓朴方主编)
    书名原文:Computers and sociolism
    
    ISBN 7-80053-417-0:CNY4.70
    本书讲的是计算机革命对经济和社会方面产生的影响,分析了计算机的出现如何对市场经济和计划经济的变化趋势产生作用的。书后附数学附录。
●
相关链接 在E读中查询图书 在五车中查询图书 在当当中查询图书 在豆瓣中查询图书


正题名:计算机与社会主义     索取号:F224-39/103         预约/预借

序号 登录号 条形码 馆藏地/架位号 状态 备注
1 0257603   002060405   第一样本阅览室/ [索取号:F224-39/103] 在馆    
2 0257604   000206146   第一借阅区/ [索取号:F224-39/103] 在馆    
唐山师范学院图书馆 欢迎您!
大连网信软件有限公司© 版权所有